Normal view
MARC view
Entry Geographic Name
001 - CONTROL NUMBER
- control field: 32255
003 - CONTROL NUMBER IDENTIFIER
- control field: ARRUPE
005 - DATE AND TIME OF LATEST TRANSACTION
- control field: 20170607123855.0
008 - FIXED-LENGTH DATA ELEMENTS
- fixed length control field: 170607|| aca||aabn | a|a d
040 ## - CATALOGING SOURCE
- Original cataloging agency: ARRUPE
- Transcribing agency: ARRUPE
151 ## - HEADING--GEOGRAPHIC NAME
- Geographic name: Ethiopia
- General subdivision: Armed Forces
- General subdivision: Political activity.
670 ## - SOURCE DATA FOUND
- Source citation: Work cat.: (ARRUPE)3412: Lefever, Ernest W. 32253, Spear and scepter;, [1970]